| 000 | 00463nam a2200205Ia 4500 | ||
|---|---|---|---|
| 008 | 210210b1892 xxu||||| |||| 00| 0 eng d | ||
| 041 | _aeng | ||
| 082 | _a320/62 | ||
| 100 | _aBLUNTSCHLI (J K) | ||
| 245 | _aTheory of the state Ed 2 | ||
| 250 | _a | ||
| 260 |
_aLondon _bOxford University Press _c1892 |
||
| 300 | _axxv,550 | ||
| 650 | _aTheory | ||
| 650 | _athe | ||
| 650 | _astate | ||
| 650 | _aof | ||
| 690 | _aPolitical Science | ||
| 906 | _a001816 | ||
| 999 |
_c117080 _d117080 |
||